| 000 | 00698nam a22002417a 4500 | ||
|---|---|---|---|
| 003 | UA-OsUOA | ||
| 001 | 106525 | ||
| 007 | ta | ||
| 008 | 20140528b un ||||| |||| 00| 0 ukr d | ||
| 100 | _aГонта І. | ||
| 090 |
_a94(477).04 _bГ65 |
||
| 942 | _cBK | ||
| 040 |
_aUA-OsUOA _bukr _cUA-OsUOA _dUA-OsUOA |
||
| 245 |
_aІван Гонта _bКайдани стереотипів: до 500-річчя козацької слави |
||
| 300 | _a33 с. | ||
| 955 | _a2 | ||
| 041 | _aukr | ||
| 080 | _a94(477).04 | ||
| 591 | _aЖулинський М. Г. | ||
| 260 |
_aК. _bЗнання _c1991 |
||
| 650 | 7 |
_a9 Географія. Біографії. Історія _2UDC |
|
| 999 |
_c392691 _d392691 |
||